000 00565nam a2200181Ia 4500
003 GCL
005 20240530105214.0
008 140319s9999 xx 000 0 ara d
040 _aGCL /
_cGCL
082 0 4 _a342.023
_bس.ف
100 1 _aسليمان محمد الطماوى
245 1 0 _aالنظرية العامة للقرارات الادارية : دراسة مقارنة /
_cسليمان محمد الطماوى
260 _a[S.N] :
_c1991
300 _a770 ص
650 0 4 _aالقانون
650 0 4 _aالقانون الادارى
942 _2ddc
_cBK
999 _c53928
_d53928